02872nam a2200505 i 4500001001200000003000800012006001900020007001500039008004100054020006200095020005900157020005800216020005500274020002700329040003500356035002100391043001200412050002800424082001900452100003000471245007900501264007700580264001200657300005200669336002100721337002300742338003200765490008900797504006900886505047300955588004701428590014701475650003701622650003501659650002301694650003401717650002801751651004501779655002201824776029301846797001202139830007202151856012602223999001702349ebr10900872CaPaEBRm o d cr cn|||||||||090127t20092009ohua ob 001 0 eng|d z9780896802674 (Ohio University Press : pbk. : alk. paper) z0896802671 (Ohio University Press : pbk. : alk. paper) z9781897071502 (Between the Lines : pbk. : alk. paper) z1897071507 (Between the Lines : pbk. : alk. paper) a9780896804661 (e-book) aCaPaEBRbengerdaepncCaPaEBR a(OCoLC)891395152 as-ck---14aHV6322.3.C7bH75 2009eb04a986.106/352221 aHristov, Jasmin,eauthor.10aBlood and capital :bthe paramilitarization of Colombia /cJasmin Hristov. 1aAthens :bOhio University Press ;aToronto :bBetween the Lines,c[2009] 4c�2009 a1 online resource (288 pages) :billustrations. atext2rdacontent acomputer2rdamedia aonline resource2rdacarrier1 aOhio University research in international studies. Latin America series ;vnumber 48 aIncludes bibliographical references (pages 237-[244]) and index.0 aNeoliberalism or neopoverty? The promises and the reality of the neoliberal agenda -- The war on the internal enemy : the origin, structure, mechanisms, and activities of the state's coercive apparatus -- The paraextension of the state's coercive apparatus : looking at the paramilitary monster -- The debt to humanity -- The legalization of illegality -- One of Colombia's "internal enemies" : the indigenous movement of Cauca -- Features of the new para-narco-state. aDescription based on print version record. aElectronic reproduction. Palo Alto, Calif. : ebrary, 2014. Available via World Wide Web. Access may be limited to ebrary affiliated libraries. 0aPolitical persecutionzColombia. 0aParamilitary forceszColombia. 0aTorturezColombia. 0aPolitical violencezColombia. 0aHuman rightszColombia. 0aColombiaxPolitics and governmenty1974- 0aElectronic books.08iPrint version:aHristov, Jasmin.tBlood and capital : the paramilitarization of Colombia.dAthens : Ohio University Press, [2009]hxxiii, 263 pages ; 22 cmkOhio University research in international studies. Latin America series ; no. 48z9780896802674w(OCoLC)ocn230198926w(DLC)109008722 aebrary. 0aResearch in international studies.pLatin America series ;vno. 48.40uhttp://site.ebrary.com/lib/rucke/Doc?id=10900872zAn electronic book accessible through the World Wide Web; click to view c55948d55948